[Event "Kazan FIDE GP (Women) 4th"]
[Site "Kazan"]
[Date "2012.06.17"]
[Round "7"]
[White "Kosintseva, Nadezhda"]
[Black "Koneru, Humpy"]
[Result "1/2-1/2"]
[WhiteElo "2528"]
[BlackElo "2589"]
[PlyCount "79"]
[EventDate "2012.06.09"]
[EventType "tourn"]
[EventRounds "11"]
[EventCountry "RUS"]
[EventCategory "11"]
[SourceTitle "CBM 149"]
[Source "ChessBase"]
[SourceDate "2012.07.17"]
[SourceVersion "1"]
[SourceVersionDate "2012.07.17"]
[SourceQuality "1"]

1. e4 e5 2. Nf3 Nc6 3. Bb5 a6 4. Ba4 Nf6 5. 0-0 Nxe4 6. d4 b5 7. Bb3 d5 8. dxe5 Be6 9. Nbd2 Nc5 10. c3 Be7 11. Bc2 d4 12. Nb3 d3 13. Nxc5 dxc2 14. Qxd8+ Rxd8 15. Nxe6 fxe6 16. Be3 Rd5 17. Rfc1 Nxe5 18. Nxe5 Rxe5 19. Bd4 Rg5 20. Rxc2 Kf7 21. Be3 Re5 22. c4 b4 23. Rd1 Rd8 24. Rxd8 Bxd8 25. Rd2 Ke8 26. Kf1 Bg5 27. Rd3 Bxe3 28. Rxe3 Rxe3 29. fxe3 Kd7 30. Ke2 Kd6 31. e4 Kc5 32. Kd3 b3 33. a3 e5 34. Kc3 a5 35. Kd3 a4 36. Kc3 g6 37. g4 g5 38. Kd3 Kd6 39. Kc3 Kc5 40. Kd3 1/2-1/2

[Event "Kazan FIDE GP (Women) 4th"]
[Site "Kazan"]
[Date "2012.06.11"]
[Round "2"]
[White "Lagno, Kateryna"]
[Black "Kosintseva, Nadezhda"]
[Result "1/2-1/2"]
[WhiteElo "2546"]
[BlackElo "2528"]
[PlyCount "65"]
[EventDate "2012.06.09"]
[EventType "tourn"]
[EventRounds "11"]
[EventCountry "RUS"]
[EventCategory "11"]
[SourceTitle "CBM 149"]
[Source "ChessBase"]
[SourceDate "2012.07.17"]
[SourceVersion "1"]
[SourceVersionDate "2012.07.17"]
[SourceQuality "1"]

1. c4 Nf6 2. Nf3 c5 3. d4 cxd4 4. Nxd4 e5 5. Nb5 d5 6. cxd5 Bc5 7. N5c3 0-0 8. g3 e4 9. Bg2 Bf5 10. 0-0 Nbd7 11. Bg5 h6 12. Bxf6 Nxf6 13. e3 Re8 14. Qb3 Qd7 15. Nd2 Bf8 16. Rac1 Rac8 17. Qb5 Qxb5 18. Nxb5 Rxc1 19. Rxc1 Nxd5 20. a3 a6 21. Nd4 Bg6 22. Bh3 Nb6 23. N2b3 Bd6 24. Na5 Re7 25. Rc3 Kh7 26. Nc4 Nxc4 27. Rxc4 Be5 28. b4 Re8 29. Rc8 Re7 30. Rc4 Re8 31. Rc8 Re7 32. Rc4 Re8 33. Rc8 1/2-1/2

[Event "Kazan FIDE GP (Women) 4th"]
[Site "Kazan"]
[Date "2012.06.10"]
[Round "1"]
[White "Kosintseva, Nadezhda"]
[Black "Stefanova, Antoaneta"]
[Result "0-1"]
[WhiteElo "2528"]
[BlackElo "2518"]
[PlyCount "134"]
[EventDate "2012.06.09"]
[EventType "tourn"]
[EventRounds "11"]
[EventCountry "RUS"]
[EventCategory "11"]
[SourceTitle "CBM 149"]
[Source "ChessBase"]
[SourceDate "2012.07.17"]
[SourceVersion "1"]
[SourceVersionDate "2012.07.17"]
[SourceQuality "1"]

1. e4 e5 2. Nf3 Nc6 3. Bb5 Nf6 4. d3 Bc5 5. 0-0 Nd4 6. Nxd4 Bxd4 7. Nd2 c6 8. Ba4 d6 9. c3 Bg4 10. Qe1 Bb6 11. Bb3 Nh5 12. Nc4 Bc7 13. Ne3 Bd7 14. Qd1 Nf4 15. d4 Qf6 16. Kh1 h5 17. f3 Qg6 18. g3 Nh3 19. Bc2 h4 20. g4 Qf6 21. b4 d5 22. exd5 exd4 23. Nf5 dxc3 24. Qe2+ Kf8 25. d6 Bxf5 26. dxc7 Bxc2 27. Qxc2 Nf4 28. Bxf4 Qxf4 29. Qxc3 Qxc7 30. Rad1 Rh6 31. Rfe1 Rf6 32. Re4 Kg8 33. Rde1 Qd7 34. Qe3 Qd5 35. a3 h3 36. Kg1 Rd8 37. Kf2 a5 38. Re8+ Rxe8 39. Qxe8+ Kh7 40. Qe4+ Qxe4 41. Rxe4 a4 42. Re7 b5 43. Kg3 Re6 44. Rxf7 Re3 45. Rc7 Rxa3 46. Rxc6 Rb3 47. g5 Rxb4 48. Ra6 Rb3 49. Kg4 g6 50. f4 a3 51. Ra7+ Kg8 52. Ra8+ Kf7 53. Ra6 Rc3 54. Ra5 b4 55. Ra4 Rc4 56. Ra6 Rc2 57. f5 Rc4+ 58. Kxh3 gxf5 59. Rf6+ Kg7 60. Ra6 Re4 61. Kg3 Rg4+ 62. Kf3 Rxg5 63. Ra7+ Kh6 64. Kf4 Rg2 65. Kxf5 a2 66. Ra6+ Kh5 67. Ra8 Rf2+ 0-1

[Event "RUS-chT (Women) 13th"]
[Site "Sochi"]
[Date "2012.04.13"]
[Round "5"]
[White "Timofeeva, Ekaterina"]
[Black "Kosintseva, Nadezhda"]
[Result "1/2-1/2"]
[WhiteElo "2268"]
[BlackElo "2535"]
[PlyCount "81"]
[EventDate "2012.04.09"]
[EventType "team-tourn"]
[EventRounds "7"]
[EventCountry "RUS"]
[SourceTitle "CBM 147 Extra"]
[Source "ChessBase"]
[SourceDate "2012.04.24"]
[SourceVersion "1"]
[SourceVersionDate "2012.04.24"]
[SourceQuality "1"]
[WhiteTeam "Nizhny Tagil Politekhnik (W)"]
[BlackTeam "Kazan Ladya (W)"]
[WhiteTeamCountry "RUS"]
[BlackTeamCountry "RUS"]

1. Nf3 g6 2. d4 Bg7 3. c4 c5 4. Nc3 cxd4 5. Nxd4 Nc6 6. Nc2 d6 7. g3 Bxc3+ 8. bxc3 Qa5 9. Bg2 Nf6 10. 0-0 0-0 11. Ne3 Be6 12. Nd5 Bxd5 13. cxd5 Ne5 14. f4 Qc5+ 15. Qd4 Qxd4+ 16. cxd4 Nc4 17. Rb1 Rab8 18. e4 b5 19. f5 a5 20. Bg5 Kg7 21. e5 dxe5 22. dxe5 Nxe5 23. Rfe1 Nc4 24. Rxe7 Rfe8 25. Ra7 Ne3 26. fxg6 hxg6 27. Rxa5 Nxg2 28. Bxf6+ Kxf6 29. Kxg2 Re2+ 30. Kf3 Rxh2 31. a4 Ra2 32. Raxb5 Ra8 33. Rb6+ Ke5 34. Re1+ Kxd5 35. Re7 Ra3+ 36. Kg2 Ra2+ 37. Kf3 Ra3+ 38. Kg2 Ra2+ 39. Kf3 Ra3+ 40. Kg2 Ra2+ 41. Kf3 1/2-1/2

[Event "RUS-chT (Women) 13th"]
[Site "Sochi"]
[Date "2012.04.12"]
[Round "4"]
[White "Kosintseva, Nadezhda"]
[Black "Kovanova, Baira"]
[Result "1-0"]
[WhiteElo "2535"]
[BlackElo "2392"]
[PlyCount "55"]
[EventDate "2012.04.09"]
[EventType "team-tourn"]
[EventRounds "7"]
[EventCountry "RUS"]
[SourceTitle "CBM 147 Extra"]
[Source "ChessBase"]
[SourceDate "2012.04.24"]
[SourceVersion "1"]
[SourceVersionDate "2012.04.24"]
[SourceQuality "1"]
[WhiteTeam "Kazan Ladya (W)"]
[BlackTeam "Khanty Mansyisk Yugra (W)"]
[WhiteTeamCountry "RUS"]
[BlackTeamCountry "RUS"]

1. d4 Nf6 2. g3 e6 3. Bg2 d5 4. Nf3 Be7 5. c4 0-0 6. 0-0 dxc4 7. Qc2 a6 8. Qxc4 b5 9. Qc2 Bb7 10. Bd2 Be4 11. Qc1 b4 12. Bf4 Nc6 13. Qd1 Nd5 14. Bc1 b3 15. Qxb3 Ndb4 16. Nbd2 Bg6 17. Qc3 Rb8 18. Nb3 a5 19. Be3 a4 20. Nc5 Nc2 21. Rad1 N6b4 22. Ne5 Nxa2 23. Qc4 Nxe3 24. fxe3 Nb4 25. Ncd7 Bg5 26. Nxb8 Bxe3+ 27. Kh1 Qxb8 28. Nd7 1-0